| 000 | 00770nam a2200265Ia 4500 | ||
|---|---|---|---|
| 003 | OSt | ||
| 005 | 20220925231855.0 | ||
| 006 | a|||||r|||| 00| 0 | ||
| 007 | ta | ||
| 008 | 220923b |||||||| |||| 00| 0 eng d | ||
| 020 | _a1557869340 | ||
| 037 | _cGeneral Book | ||
| 040 |
_aRTL _cRTL _beng |
||
| 041 |
_2eng _aeng |
||
| 082 | _aU211:(G:55), N9 | ||
| 100 |
_aPhillips Jonathan D _9296274 |
||
| 245 | 0 |
_aEarth surface systems _b Complexity, order and scale |
|
| 260 |
_aMassachusetts _bBlackwell _c1999 |
||
| 300 |
_axii, 180p Bibliography: P 147-69 _ccm. |
||
| 490 | _aNatural Environment | ||
| 650 | _a Geography | ||
| 650 |
_aEarth _92 |
||
| 942 |
_hU211:(G:55), N9 _cGB _2CC |
||
| 999 |
_c589665 _d589665 |
||